Tepelský historik Dr. Basil Grassl
| Titel: | Tepelský historik Dr. Basil Grassl |
|---|---|
| Verfasser: | |
| Körperschaft: | |
| In: |
Muzeum Cheb: Sborník Chébskeho Muzea, (2002), Seite 305-310 alle Artikel anzeigen |
| Veröffentlicht: | 2002[2003] |
| Format: | Aufsatz |
| Sprache: | Tschechisch |
X
alg: 39333384 001A $01999:12-11-16 001B $03025:27-03-26 $t11:52:48.000 001C $06050:19-11-16 $t22:36:47.000 001D $01999:12-11-16 001U $0utf8 001X $00 002@ $0Aox 003@ $0393333841 007A $0393333841 $aHEB 007T $0Herdpp073260 010@ $acze 011@ $a2002 $n2002[2003] 021A $aTepelský historik Dr. Basil Grassl 028A $aHlinomaz $dMilan 029F $aps-2003-0014635 031A $h305-310 $j2002 037A $aRés. něm. s. 31;0: Der Tepler Historiker Dr. Basil Grassl 039B $aIn $8--Abvc--Muzeum Cheb [Tb1]. Sborník Chébskeho Muzea. - Cheb : Muzeum, 1993-2006. - ISSN 1211-9210 $x200200000000000695 $9070513341 044K $#Grassl, Basil Franz $#Grassl, Basilius $#Grassl, Basilius F. $#Grassl, Basilius Franz $#Graßl, Basil $#Graßl, Basilius F. $7132871866 $8Grassl, Basil$Z1873-1945 [Tp3] $9186003277 045F $a200.943710904 $eDDC23BSB 045F/01 $a200.9 045F/03 $f0904 045F/03 $g4371 045G $a900.943710904 $eDDC23BSB 045G/01 $a900 045G/03 $f0904 045G/03 $g4371 045T $a9,10 $a7,41 lok: 39333384 78 exp: 39333384 78 1 #EPN 201B/01 $026-11-17 $t02:59:24.000 201U/01 $0utf8 203@/01 $0789444232 208@/01 $a12-11-16 $be 209A/01 $a/ $f000 $x00 220C/01 $aHerkunft: Hú Av Čr Praha 244Z/01 $#Tschechien $#Tschechische Republik $#Tschechien $#Tschechische Republik $#Tschechenland $#Tschechei Tschechien $#Česká Republika $#Czech Republic $#ČR $74303381-7 $8--Tg1--Tschechien $x01 $9086659812 244Z/01 $2Trx $#Böhmen $#Bohemia $#Czechy $8--Trx--Čechy $x02 $9391188941 244Z/01 $2Trx $#Tepl Karlsbad $#Tepl Stift $#Teplá klášter;Teplá $8--Trx--Teplá$gKarlovy Vary $x03 $9391352202 244Z/01 $2Trx $8--Trx--Grassl, Basil$Z1873-1945 $x04 $9390604577 244Z/01 $2Trx $#ajaloolased $#istorikai $#historians $#történészek $#historycy $#historici $#historici $8--Trx--Historiker $x05 $9391373544 244Z/01 $2Trx $#ordud premonstraatlased $#ordinas norbertinų $#order Premonstratensians $#szerzetesrendek Premontrei szerzetesek $#zakony, norbertanie $#rád, premonštráti $#řád, premonstráti $#Prämonstratenser $#premonstratensi $#norbertanie $#premonštráti $#premonstráti $8--Trx--Orden$gPrämonstratenser $x06 $9391375741 244Z/01 $2Trx $#bibliograafiad isikud $#bibliografijos personalinės $#Bibliographies persons $#szakirodalmak személyek $#bibliografie osobowe $#bibliografie personálne $#bibliografie personální $#Personalbibliographie $8--Trx--Bibliographien$gPersonen $x07 $9391368532 244Z/01 $2Trx $8--Trx--Zeitschriftenaufsatz $x08 $9391384341 247C/01 $82080>Marburg/Lahn, Herder-Institut, Forschungsbibliothek, Bibliographieportal $9336309341
| LEADER | 00000caa a22000002c 4500 | ||
|---|---|---|---|
| 001 | 393333841 | ||
| 003 | DE-603 | ||
| 005 | 20260327115248.0 | ||
| 007 | tu | ||
| 008 | 161112s2002 xx |||| | u00||u|cze c | ||
| 035 | |a (DE-599)HEB393333841 | ||
| 040 | |a DE-603 |b ger |c DE-603 |d DE-603 | ||
| 041 | |a cze | ||
| 082 | 0 | 4 | |8 1\u |a 200.943710904 |q DE-101 |2 23/BSB |
| 083 | 0 | |8 2\u |a 900.943710904 |q DE-101 |2 23/BSB | |
| 084 | |a 9,10 |a 7,41 |2 ssgn | ||
| 085 | |8 1\u |b 200.9 | ||
| 085 | |8 1\u |z 1 |s 0904 | ||
| 085 | |8 1\u |z 2 |s 4371 | ||
| 085 | |8 2\u |b 900 | ||
| 085 | |8 2\u |z 1 |s 0904 | ||
| 085 | |8 2\u |z 2 |s 4371 | ||
| 100 | 1 | |a Hlinomaz, Milan | |
| 245 | 0 | 0 | |a Tepelský historik Dr. Basil Grassl |
| 264 | 0 | |c 2002[2003] | |
| 500 | |a Rés. něm. s. 31;0: Der Tepler Historiker Dr. Basil Grassl | ||
| 600 | 1 | 7 | |a Grassl, Basil |d 1873-1945 |0 (DE-588)132871866 |0 (DE-603)186003277 |2 gnd |
| 710 | 2 | |a ps-2003-0014635 | |
| 773 | 0 | 8 | |i In |a Muzeum Cheb |t Sborník Chébskeho Muzea |d Cheb : Muzeum, 1993-2006 |x 1211-9210 |g (2002), Seite 305-310 |w (DE-603)070513341 |w (DE-600)1353473-7 |
| 924 | 0 | |9 2080 |a (DE-603)789444232 |b DE-2080 |c HES |d d |g / | |


